000 00290nam a22001217a 4500
082 _a510
_bSPI
_cL-2, P-75
100 _aSpiegei
_938945
245 _aMathematical Handbook
_cSpiegei
260 _c1968
526 _a0
_b0
_c0
_d510_000000000000000_SPI
650 _aMCE
_9379
942 _2ddc
_cBK
999 _c543551
_d543551